Les endroits incontournables à visiter à Marseille en tant que tourist - Statistiques

Statistiques générales
  • Ce quiz a été pris 37 fois
  • Le résultat moyen est 3 sur 10
Statistiques - réponses
Indice Attraction % Correct
2.vx Le vieux port
90%
1. nd Notre dame de la garde
83%
4.mu Le mucem
37%
7.lo Le palais longchamp
30%
9.cor La corniche
23%
3.pa Le panier
17%
10.st Stade Vélodrome
7%
6.si Le chateau d’if
3%
8.cr La cité radieuse
0%
5.cal Parc des calanques
0%
Aucun quiz correspondant
Distribution des résultats
% des personnes avec chaque résultat
Percentile par nombre de réponses
Votre historique - résultats
Vous n’avez pas pris ce quiz